00352 2200145 4500001002100000005001500021035002000036245003800056100001800094300001300112260004500125082000800170084001400178990001400192INLIS00000000000031920260122073511 a0010-01260000451 aSaga dari Samudra /cRatih Kumala1 aKumala, Ratih a193 hlm. aJakarta :bGramedia Pustaka Utama,c2023 a813 a813 KUM s a0643/F/23